000 01055nas a2200325 4500
001 BR2012008836
003 BR-BrBNA
005 20231205121509.0
007 ta
008 230509b bl.|||p| |||| 00| 00por d
040 _aBR-BrBNA
_bpor
_cBiblioteca Nacional de Agricultura
041 _a(En)
072 _aL73
100 1 _aXavier, D.B.
100 1 _aRosa, A.H.
100 1 _aSena, H. dos S.
100 1 _aTeixeira, D.S.
100 1 _aTomaz, C.
100 1 _aTitze-de-Almeida, R.
245 1 _aAbsence of intestinal colonization by vancomycin-resistant enterococci in nonhuman primates
246 1 _aAbsence of intestinal colonization by vancomycin-resistant enterococci in nonhuman primates
650 _aMACACO
650 _aBACTÉRIA
650 _aPATOGENICIDADE
650 _aINTESTINO
650 _aRESISTÊNCIA A PRODUTOS QUÍMICOS
773 0 _tPesquisa Veterinária Brasileira (Brazil)
_xISSN 0100-736X
_g(Jun 2010), v. 30(6) p. 491-496
_wBR2012008836
909 _a202311
_bLúcia
_c55
_dLúcia Elande
942 _2AGRIS
_n0
_cANA
999 _c223843
_d223843